000
00320nam a22001457a 4500
008
210602b ||||| |||| 00| 0 eng d
020
_a
9781885167071
041
_a
eng
080
_a
316
082
_a
316
100
_a
50
101
_a
SOC
245
_a
Beyond the Wall of Resistance
_c
Rick Maurer
942
_2
udc
_c
BK
999
_c
57885
_d
57885